| 000 | 00576nam a2200229 a 4500 | ||
|---|---|---|---|
| 999 |
_c4581 _d4581 |
||
| 001 | 4581 | ||
| 003 | BD-JhCC | ||
| 005 | 20171128185000.0 | ||
| 008 | 171128s1969 b |||| || | 001 0 eng d | ||
| 035 | _a(BD-JhCC)4581 | ||
| 040 |
_aBD-JhCC _dBD-JhCC |
||
| 041 | _aeng | ||
| 082 |
_a301 _bKHA 1969 |
||
| 100 | _aKhan, Fazlur Rashid | ||
| 245 |
_aPrincipales of Sociology / _c Fazlur Rashid Khan, |
||
| 260 |
_aDacca : _bShirin Publications, _c1969. |
||
| 300 |
_a596 p. : _c22 cm. |
||
| 504 | _aIncludes Index | ||
| 650 | _aSociology | ||
| 942 |
_2ddc _cBK |
||